| 000 | 00989nam a2200253 a 4500 | ||
|---|---|---|---|
| 001 | 62229 | ||
| 003 | BD-RjUL | ||
| 005 | 20211209081046.0 | ||
| 008 | 170122s1983 bg a eng | | ||
| 020 | _c:Tk. 250.00 (Inland) | ||
| 035 | _a(BD-RjUL)62354 | ||
| 040 |
_aANL _beng _dANL _cBD-RjUL |
||
| 041 | _aeng | ||
| 082 |
_223 _a304.6095492021 _b CHT 1983 (TS) |
||
| 110 |
_aBangladesh Bureau of Statistics _9179266 |
||
| 245 | 1 | 0 |
_aBangladesh population census, 1981: _bCommunity tables of all Thanas of Chittagong H.T. District / _cBangladesh Bureau of Statistics |
| 260 |
_aDhaka, : _bBangladesh Bureau of Statistics, _c1983 |
||
| 300 |
_aLII, 393 p. : _bIll ; _c28 cm. |
||
| 490 | _aThana series: All Thanas of Chittagong H.T. District | ||
| 651 |
_aBangladesh _zChittagong H.T. _xcensus, 1981 _9185080 |
||
| 651 |
_aBangladesh _zChittagong H.T. _xPopulation _vStatistics _y1981 _9185081 |
||
| 830 |
_aThana series: All Thanas of Chittagong H.T. District _9189195 |
||
| 942 |
_2ddc _cRAR |
||
| 999 |
_c62229 _d62229 |
||